Alice in wonderland / (Record no. 13579)
[ view plain ]
| 000 -LEADER | |
|---|---|
| fixed length control field | 02201nam a22003857a 4500 |
| 005 - DATE AND TIME OF LATEST TRANSACTION | |
| control field | 20080612154650.0 |
| 006 - FIXED-LENGTH DATA ELEMENTS--ADDITIONAL MATERIAL CHARACTERISTICS--GENERAL INFORMATION | |
| fixed length control field | a|||||r|||||00| 1 |
| 007 - PHYSICAL DESCRIPTION FIXED FIELD--GENERAL INFORMATION | |
| fixed length control field | ta |
| 008 - FIXED-LENGTH DATA ELEMENTS--GENERAL INFORMATION | |
| fixed length control field | 080611t xxu||||| |||| 00| 0 eng d |
| 010 ## - LIBRARY OF CONGRESS CONTROL NUMBER | |
| LC control number | B-262634-644 |
| 020 ## - INTERNATIONAL STANDARD BOOK NUMBER | |
| International Standard Book Number | 1405416702 |
| Terms of availability | 295.00 |
| 035 ## - SYSTEM CONTROL NUMBER | |
| System control number | B-262634-644 |
| 040 ## - CATALOGING SOURCE | |
| Original cataloging agency | DPL |
| Language of cataloging | EN |
| 082 ## - DEWEY DECIMAL CLASSIFICATION NUMBER | |
| Classification number | S / CAR |
| 100 ## - MAIN ENTRY--PERSONAL NAME | |
| Personal name | Carroll, Lewis |
| 245 ## - TITLE STATEMENT | |
| Title | Alice in wonderland / |
| Statement of responsibility, etc | by Lewis Carroll; illustrated by June Goulding |
| 260 ## - PUBLICATION, DISTRIBUTION, ETC. (IMPRINT) | |
| Name of publisher, distributor, etc | Parragon Book |
| Date of publication, distribution, etc | 2007 |
| Place of publication, distribution, etc | Bath |
| 260 ## - PUBLICATION, DISTRIBUTION, ETC. (IMPRINT) | |
| Name of publisher, distributor, etc | Super Book |
| Place of publication, distribution, etc | Delhi |
| 270 ## - ADDRESS | |
| Address | Queen Street House, 4, Queen Street |
| City | Bath |
| 300 ## - PHYSICAL DESCRIPTION | |
| Extent | 287p.: |
| Dimensions | 25 cm (Hb) |
| Other physical details | col. ill. |
| 500 ## - GENERAL NOTE | |
| General note | The nursery collection |
| 700 ## - ADDED ENTRY--PERSONAL NAME | |
| Personal name | Goulding, June |
| 942 ## - ADDED ENTRY ELEMENTS (KOHA) | |
| Koha item type | Children Books |
| Classification part | S / CAR |
| Source of classification or shelving scheme | Dewey Decimal Classification |
| Withdrawn status | Lost status | Damaged status | Not for loan | Collection code | Home library | Current library | Date acquired | Cost, normal purchase price | Total Checkouts | Full call number | Barcode | Date last seen | Copy number | Cost, replacement price | Price effective from | Koha item type | Public note | Source of classification or shelving scheme | Date checked out | Total Renewals |
|---|---|---|---|---|---|---|---|---|---|---|---|---|---|---|---|---|---|---|---|---|
| Fiction | Bagh Kadhe Khan | Bagh Kadhe Khan | 04/07/2008 | 295.00 | S / CAR | B-262641 | 15/09/2008 | 1 | 295.00 | 15/09/2008 | Children Books | |||||||||
| Fiction | Bawana | Bawana | 04/07/2008 | 295.00 | S / CAR | B-262643 | 15/09/2008 | 1 | 295.00 | 15/09/2008 | Children Books | |||||||||
| Fiction | Central Library | Central Library | 04/07/2008 | 295.00 | 2 | S / CAR | B-262634 | 23/03/2023 | 1 | 295.00 | 15/09/2008 | Children Books | 20/03/2023 | 1 | ||||||
| Lost and Paid For | Fiction | Jor Bagh (Children Lib) | Jor Bagh (Children Lib) | 04/07/2008 | 295.00 | S / CAR | B-262639 | 15/09/2008 | 1 | 295.00 | 15/09/2008 | Children Books | Dewey Decimal Classification | |||||||
| Fiction | Karol Bagh | Karol Bagh | 04/07/2008 | 295.00 | S / CAR | B-262640 | 15/09/2008 | 1 | 295.00 | 15/09/2008 | Children Books | |||||||||
| Fiction | Kasturba Gandhi Marg | Kasturba Gandhi Marg | 04/07/2008 | 295.00 | 1 | S / CAR | B-262636 | 04/01/2023 | 1 | 295.00 | 15/09/2008 | Children Books | 22/12/2022 | |||||||
| Written off | Fiction | Narela | Narela | 04/07/2008 | 295.00 | S / CAR | B-262642 | 15/09/2008 | 1 | 295.00 | 15/09/2008 | Children Books | Written off on approval by DLB (By Circulation); dtd 20.12.2022 | |||||||
| Fiction | Patel Nagar | Patel Nagar | 04/07/2008 | 295.00 | 2 | S CAR | B-262635 | 15/02/2020 | 1 | 295.00 | 15/09/2008 | Children Books | Dewey Decimal Classification | 10/02/2020 | ||||||
| Fiction | Peshwa Road | Peshwa Road | 04/07/2008 | 295.00 | S / CAR | B-262637 | 15/09/2008 | 1 | 295.00 | 15/09/2008 | Children Books | |||||||||
| Fiction | Sarojini Nagar | Sarojini Nagar | 04/07/2008 | 295.00 | S / CAR | B-262638 | 15/09/2008 | 1 | 295.00 | 15/09/2008 | Children Books | |||||||||
| Fiction | Shahdara Branch | Shahdara Branch | 12/06/2008 | 295.00 | S / CAR | B-262644 | 15/09/2008 | 1 | 295.00 | 15/09/2008 | Children Books |
